Position philosophique 2. Sauvegardons notre identité (notice n° 1824782)
[ vue normale ]
| 000 -LEADER | |
|---|---|
| fixed length control field | 00694cam a2200229 4500500 |
| 005 - DATE AND TIME OF LATEST TRANSACTION | |
| control field | 20260329003446.0 |
| 041 ## - LANGUAGE CODE | |
| Language code of text/sound track or separate title | fre |
| 042 ## - AUTHENTICATION CODE | |
| Authentication code | dc |
| 100 10 - MAIN ENTRY--PERSONAL NAME | |
| Personal name | Fleury, Pauline |
| Relator term | author |
| 245 00 - TITLE STATEMENT | |
| Title | Position philosophique 2. Sauvegardons notre identité |
| 260 ## - PUBLICATION, DISTRIBUTION, ETC. | |
| Date of publication, distribution, etc. | 2015.<br/> |
| 500 ## - GENERAL NOTE | |
| General note | 71 |
| 690 ## - LOCAL SUBJECT ADDED ENTRY--TOPICAL TERM (OCLC, RLIN) | |
| Topical term or geographic name as entry element | Alain Finkielkraut |
| 690 ## - LOCAL SUBJECT ADDED ENTRY--TOPICAL TERM (OCLC, RLIN) | |
| Topical term or geographic name as entry element | François Héran |
| 690 ## - LOCAL SUBJECT ADDED ENTRY--TOPICAL TERM (OCLC, RLIN) | |
| Topical term or geographic name as entry element | Michel Onfray |
| 690 ## - LOCAL SUBJECT ADDED ENTRY--TOPICAL TERM (OCLC, RLIN) | |
| Topical term or geographic name as entry element | Migrants |
| 690 ## - LOCAL SUBJECT ADDED ENTRY--TOPICAL TERM (OCLC, RLIN) | |
| Topical term or geographic name as entry element | Philippe Nemo |
| 690 ## - LOCAL SUBJECT ADDED ENTRY--TOPICAL TERM (OCLC, RLIN) | |
| Topical term or geographic name as entry element | réfugiés |
| 690 ## - LOCAL SUBJECT ADDED ENTRY--TOPICAL TERM (OCLC, RLIN) | |
| Topical term or geographic name as entry element | Régis Debray |
| 786 0# - DATA SOURCE ENTRY | |
| Note | Philosophie magazine | 94 | 11 | 2015-11-01 | p. 14-14 | 1951-1787 |
| 856 41 - ELECTRONIC LOCATION AND ACCESS | |
| Uniform Resource Identifier | <a href="https://shs.cairn.info/magazine-philosophie-magazine-2015-11-page-14?lang=fr&redirect-ssocas=7080">https://shs.cairn.info/magazine-philosophie-magazine-2015-11-page-14?lang=fr&redirect-ssocas=7080</a> |
Pas d'exemplaire disponible.




Réseaux sociaux